FNAF Quiz - Statistics

General Stats
  • This quiz has been taken 210 times
  • The average score is 17 of 30
Answer Stats
Hint Answer % Correct
Who is the killer in FNAF William Afton
99%
Who is trapped in the loop in FNAF UCN / Who you play as William Afton
99%
Who plays the guitar in FNAF 1 Bonnie
79%
What are the newer variants of the animatronics in FNAF 2 Toy
76%
Who wakes up if the music box isn't wound up in FNAF 2 The Puppet
75%
What time is the night over in the first 4 FNAF games 6 am
73%
Who do you play as in FNAF 3 Michael Afton
69%
What is the secret text shown when Golden Freddy appears in FNAF 1 It's Me
67%
Who is the black bear in FNAF 4 Nightmare
65%
Who made the song "Five Nights at Freddy's" The Living Tombstone
64%
Who dies to Circus Baby shown in the ice cream minigame Elizabeth Afton
62%
Who does the Puppet return as in FNAF PS Lefty
59%
Who's soul belongs to Chica Susie
59%
What is the name of all the FNAF SL animatronics combined Ennard
56%
Who created FNAF Scott Cawthon
53%
Who is scared of by a flashlight in FNAF 2 Withered Foxy
53%
What is the name of Funtime Freddys hand puppet in FNAF SL BonBon
52%
What is the name of the golden bunny from FredBear's Family Diner Springbonnie
51%
Who burns down the FNAF PS at the end of the game Henry Emily
50%
What is the name of the other version of Funtime Foxy Lolbit
49%
Which phantom stares at you and moves with you when jump scared in FNAF 3 Phantom puppet
49%
Who is the secret 8-bit character in FNAF UCN Old Man Consequences
46%
What is presumed to be the Crying Child's name Evan Afton
43%
What soul inherits the puppet Charlie Emily
40%
What is your reward in FNAF SL Exotic Butters
37%
Who replaces Plushtrap in the Halloween version of FNAF 4 Nightmare BB
35%
What is the name of Nedd Bear and his band in FNAF PS Mediocre Melodies
34%
Who is the most forgotten animatronic in FNAF 1 Endo 01
31%
Whose mask in found at the center of the corn maze in FNAF VR DLC Vanny
28%
Who is the character in FNAF UCN who adds more characters into the game randomly DD
27%
No matching quizzes found
Score Distribution
Percent of People with Each Score
Percentile by Number Answered
Your Score History
You have not taken this quiz